000
00292nam a22001337a 4500
020
_a
1-9043-5125-5
082
_a
823
_b
JEA/N
100
_a
JEANA
100
_a
ADAMSON, GARETH
245
_a
THE NEW BABY
_b
TOPSY+TIM
260
_a
UK
_b
LADYBIRD
650
_a
ENGLISH SHORT STORY
_z
UK
942
_c
BK
999
_c
4218
_d
4218